House Bourbon #1 - Statistics

General Stats
  • This quiz has been taken 3 times
  • The average score is 10 of 15
Answer Stats
Hint Answer % Correct
His reign of 72 years and 110 days remains the longest of any monarch in history. Louis XIV
100%
Succeed his Great-grandfather to the throne Louis XV
100%
Who was his grandson who succeed him Louis XVI
100%
War of Succession happened in this country cause that his family also rule this country Spain
100%
He was also called the Sun King
100%
His popular palace he build Versailles
100%
Who is the Parent house of house Bourbon Capet
67%
Event is the most popular event that happened in his reign French Revolution
67%
He ceded New France in North America to Great Britain and Spain at the conclusion of this war Seven Years' War
67%
Who was the first king of this house in France Henry IV
33%
His son reign is were most Three Musketeers take place Louis XIII
33%
They were first kings of this kingdom before France Navarre
33%
The founder was the youngest son of Saint Louis XI (name is also the same of a popular Scottish king) Robert
33%
What is the law that let them inherited the throne after the last male of House Valois died Salic law
33%
Who also won this war between Catholics and Huguenots Wars of Religion
33%
No matching quizzes found
Score Distribution
Percent of People with Each Score
Percentile by Number Answered
Your Score History
You have not taken this quiz